Storie di vita di migranti (Record n. 357932)

Dettagli MARC
000 -LEADER
campo di controllo lung. fissa 01289nam a22002177a 4500
003 - Identificatore del numero di controllo
campo di controllo IT-MiCISF
005 - Data e orario dell'ultima transazione
campo di controllo 20180705171555.0
008 - Elementi di lunghezza fissa--Informazione generale
campo di controllo lung. fissa 180705b ||||| |||| 00| 0 eng d
040 ## - Fonte della catalogazione
Agenzia che fa la trascrizione IT-MiCISF
041 ## - Codice di lingua
Codice di lingua del testo/traccia sonora o titolo separato it
100 ## - Accesso principale -- nome di persona
Nome di persona Acli di Bologna (a cura di)
9 (RLIN) 57288
245 ## - Formulazione del titolo
Titolo Storie di vita di migranti
Complemento del titolo Lo sguardo al passato, al presente, al futuro. Un percorso di empowerment
260 ## - Pubblicazione, distribuzione, ecc. (stampa)
Luogo di pubblicazione, distribuzione, ecc. Milano
Nome dell'editore, distributore, ecc. FrancoAngeli
Data di pubblicazione, distribuzione, ecc. 2017
300 ## - Descrizione fisica
Estensione pp. 116
500 ## - Nota generale
Nota generale lavoro, famiglia-migranti, politiche-sociali, società, terzo-settore, solidarietà
501 ## - Nota
Nota Presentazione di Diaco Filippo
520 ## - Riassunto, ecc.
Nota di riassunto, ecc. Il libro, dopo un'introduzione esplicativa, si articola in una prima parte di ricerca realizzata attraverso la somministrazione di un questionario a un campione significativo di migranti, fruitori dei servizi delle Acli presso la sede di Bologna. La seconda parte si articola nella raccolta di storie di vita dei migranti stessi per approfondire la condizione dei soggetti che l'indagine ha poi cercato di ricondurre a "modelli idealtipici" cui fare riferimento sempre nell'azione concreta e quotidiana cui le Acli vogliono rispondere in modo efficace dal punto di vista sociale, economico e culturale.
650 ## - Accesso aggiunto di soggetto--termine topico
Termine topico o nome geografico come accesso società
9 (RLIN) 56109
654 ## - Accesso aggiunto di soggetto--termini topici faccettati
Termine principale indagine
942 ## - Dati aggiuntivi (Koha)
Fonte della classificazione o dello schema di collocazione (segnatura) Dewey Decimal Classification
Tipo copia default (Koha) LIBRO
Dati di copia
Ritirato (status) Perso (status) Fonte della classificazione o dello schema di collocazione (segnatura) Danneggiato (status) Non per il presito Biblioteca proprietaria Biblioteca in cui si trova Data d'acquisizione Totale prestiti Collocazione Codice a barre Data ultima operazione Prezzo in vigore dal Tipo copia default (Koha)
    Dewey Decimal Classification Buone Condizioni Not For Loan CISF - Milano CISF - Milano 05/07/2018   b7473 9788891762641 05/07/2018 05/07/2018 LIBRO
CREDITS: SOCIETA' SAN PAOLO Via A.Severo, 58 - ROMA (RM) & PERIODICI SAN PAOLO SRL Via Giotto, 36 MILANO & CISF Via Giotto, 36 MILANO & EDIZIONI SAN PAOLO SRL,  Piazza Soncino, 5 CINISELLO BALSAMO (MI) -- ITALY